| 000 | 01315nam2a22002411 4500 | ||
|---|---|---|---|
| 001 | rc\678809 | ||
| 005 | 20250621232926.0 | ||
| 035 | _a(NLR Aleph) 005976971 | ||
| 090 |
_a6988643 _c6988643 |
||
| 100 | _a20031121d1985 |||y0rusy50 ca | ||
| 101 | 0 | _arus | |
| 102 | _aRU | ||
| 105 | _aa ||||||||| | ||
| 200 | 1 |
_aПереход к репродуктивному развитию _fПер. Л.В. Ковалевой и др. |
|
| 215 |
_a317 с. _cил. |
||
| 300 | _aПеревод изд.: The physiology of flowering / G. Bernier, Jean-Marie Kinet, Roy M. Sachs. Vol 2. Transition to reproductive grouth (Boca Raton, Florida) | ||
| 320 | _aБиблиогр.: с. 283-310 (1038 назв.) | ||
| 461 | 0 |
_1001rc\1188655 _12001#$aФизиология цветения$e[В 2-х т.]$eПер. с англ.$fЖ. Бернье, Ж.-М. Кине, Р. Сакс$gПод ред. и с предисл. Н.П. Аксеновой, Т.Н. Константиновой$vТ. 2 _1700#1$aБернье$bЖ.$gЖорж _96957475 _aБернье, Ж. _cМ. _d1985 _fЖ. Бернье, Ж.-М. Кине, Р. Сакс _nАгропромиздат _o[В 2-х т.] : Пер. с англ. _tФизиология цветения _vТ. 2 |
|
| 801 | 0 |
_aRU _bNLR _gpsbo |
|
| 801 | 1 |
_aRU _bELAR _2rusmarc |
|
| 852 |
_aNLR _j85-3/14339 |
||
| 942 | _cBOOK | ||
| 980 | _aNB | ||